00752nam a2200241 a 4500001001300000003000900013005001700022008004100039020002300080082001800103100002400121245006000145260003700205300000900242500003500251505003000286650001900316700002400335902000800359942000700367952011900374999001700493nice12345678IN_TiNIC20260116014144.0080811s2005 dela grp 000 0 eng  a8170990831 c47500a266.0954bSHA aSharma, Raj Bahadur aHistory of Christian Missionsb North India Perspective aDelhibMittal Publication c2005 a224p aincludes index and biblioraphy2 aappendices, biblio, index aMissions-India1 aSharma, Raj Bahadur bSRS cBK 001040708StackRoom-aHMIbHMId2011-09-20g475.00l0o266.0954 SHAp022327r2011-09-20v475.00w2008-08-11yBK c14119d14119